000 00469nam a2200169 i 4500
001 42112
003 ES-MaACL
005 20230906160541.0
007 t|
008 030312s1915 it ||||1| spa d
100 1 _aCastellino, P.
_936551
245 1 0 _aPatología del simpático /
_c[por] P. Castellino, N. Pende.
260 _aMilano :
_b[Francesco Vallardi],
_c1915.
300 _aXXXV, 536 p. ;
_c24 cm.
700 1 _aPende, N.
_990159
852 _aES-MaACL
_jE-1504
999 _c42112
_d42112